Szczegóły MARC21

Wpływ otoczenia na funkcjonowanie polskich portów morskich : materiały na Międzynarodową Konferencję Naukową "Porty morskie 2001" /

005 -DATA I CZAS OSTATNIEJ MODYFIKACJI [,]
    • @
    • pole kontrolne
    • 20070315155141.9
020 -Międzynarod. znormalizowany nr książki - ISBN [ , ]
    • a
    • Numer ISBN
    • 8372411638 Find
040 -Instytucja sporządzająca opis [ , ]
    • a
    • Instytucja, która sporządziła opis (NP)
    • SZCZ U
    • c
    • Instytucja, która sporządziła rekord (NP)
    • SZCZ U
041 -Język dokumentu [0, ]
    • a
    • Język tekstu (P)
    • polski
    • h
    • Język tekstu oryginalnego i/lub pośredniego (P)
    • polski
942 -Rodzaj dokumentu [ , ]
    • c
    • Rodzaj dokumentu
    • Książka
245 -Strefa tytułu i oznaczenia odpowiedzialności [0, ]
    • a
    • Tytuł
    • Wpływ otoczenia na funkcjonowanie polskich portów morskich : Find
    • b
    • Ciąg dalszy tytułu (NP)
    • materiały na Międzynarodową Konferencję Naukową "Porty morskie 2001" / Find
    • c
    • Pozostałe elementy strefy tytułu i oznaczenia odpowiedzialności (NP)
    • [red.nauk. Edward Urbańczyk] ; Uniwersytet Szczeciński. Wydz.Nauk Ekonomicznych i Zarządzania, Zarząd Morskiego Portu Szczecin-Świnoujście.
260 -Strefa adresu wydawniczego [ , ]
    • a
    • Miejsce wydania (P)
    • Szczecin :
    • b
    • Nazwa wydawcy (P)
    • Wydaw.Nauk.US,
    • c
    • Data wydania (P)
    • 2001.
300 -Strefa opisu fizycznego [ , ]
    • a
    • Określenie formy książki i/lub objętość (NP)
    • 382 s. :
    • b
    • Oznaczenie ilustracji (NP)
    • fot., mapki, wykr. :
    • c
    • Format (NP)
    • 30 cm.
500 -Uwaga ogólna [ , ]
    • a
    • Uwaga ogólna (NP)
    • Bibliogr. Summ
080 -Uniwersalna Klasyfikacja Dziesiętna [ , ]
    • a
    • Symbol klasyfikacji
    • 627.2/.3(438:4-67)(061)
080 -Uniwersalna Klasyfikacja Dziesiętna [ , ]
    • a
    • Symbol klasyfikacji
    • :339.923(438:4-67)(061)
980 -Symbol UKD [ , ]
    • a
    • UKD
    • 627.2/.3:339.923](438:4-67)(061)
700 -Hasło dodatkowe - nazwa osobowa [ , ]
    • a
    • Nazwa osobowa (NP)
    • Urbańczyk Edward Find
920 -ISBN [ , ]
    • a
    • ISBN
    • 83-7241-163-8 Find
Status udost. Numer inwentarzowy Sygnatura Lokalizacja Data inwentaryzacji
-2E.67762 BE2001-06-12
-6S.87992 BE2001-06-12
-6S.87993 BE2001-06-12
-3S.87994 BE2001-06-12
-3S.87995 BE2001-06-12
-15Z.99506Z.99506BG2002-10-29
1F.30451 BNS2001-07-16
-6T.5523 T2001-06-12
-6T.5524 T2001-06-12
-6T.5525 T2001-06-12
-6T.5526 T2001-06-12
-2T.6147T.6147T2002-01-09
-2T.6148T.6148T2002-01-09